Изобретая инструменты науки будущего. Ускоряющая науку ТРИЗ (Запись № 11817103)
[ простой вид ]
| 000 -МАРКЕР | |
|---|---|
| контрольное поле | 02545nam0a2200481 i 4500 |
| 001 - ИДЕНТИФИКАТОР ЗАПИСИ | |
| контрольное поле | RU\NLR\BIBL_A\011180573 |
| 005 - ИДЕНТИФИКАТОР ВЕРСИИ | |
| контрольное поле | 20241115073201.0 |
| 010 ## - МЕЖДУНАРОДНЫЙ СТАНДАРТНЫЙ НОМЕР КНИГИ (ISBN) | |
| Номер (ISBN) | 9785971031857 |
| 021 ## - НОМЕР ГОСУДАРСТВЕННОЙ РЕГИСТРАЦИИ | |
| Код страны | Российская Федерация |
| Номер | 2016-53391 |
| Номер Листа государственной регистраци | 3400 |
| 035 ## - ДРУГИЕ СИСТЕМНЫЕ НОМЕРА | |
| Идентификатор записи | (NILC)RuMoRGB-008541427 |
| 035 ## - ДРУГИЕ СИСТЕМНЫЕ НОМЕРА | |
| Идентификатор записи | (NLR Aleph) 011180573 |
| 100 ## - ДАННЫЕ ОБЩЕЙ ОБРАБОТКИ | |
| Данные общей обработки | 20160722d2016 km y0rusy50 ca |
| 101 1# - ЯЗЫК РЕСУРСА | |
| Язык текста, звукозаписи и т.д. | русский |
| Язык оригинала | английский |
| 102 ## - СТРАНА ПУБЛИКАЦИИ ИЛИ ПРОИЗВОДСТВА | |
| Страна публикации | Российская Федерация |
| 105 ## - ПОЛЕ КОДИРОВАННЫХ ДАННЫХ: ТЕКСТОВЫЕ МАТЕРИАЛЫ, МОНОГРАФИЧЕСКИЕ | |
| Кодированные данные о монографическом текстовом документе | ac||z|||001yy |
| 200 1# - ЗАГЛАВИЕ И СВЕДЕНИЯ ОБ ОТВЕТСТВЕННОСТИ | |
| Основное заглавие | Изобретая инструменты науки будущего. Ускоряющая науку ТРИЗ |
| Сведения, относящиеся к заглавию | физика ускорителей, лазеров, плазмы |
| Первые сведения об ответственности | А. А. Серый, Е. И. Серая |
| Последующие сведения об ответственности | пер. с англ. А. А. Серого, Е. И. Серой |
| 210 ## - ПУБЛИКАЦИЯ, РАСПРОСТРАНЕНИЕ И ДР. | |
| Место издания, распространения и т.д. | Москва |
| Имя издателя, распространителя и т. д. | URSS |
| -- | ЛЕНАНД |
| Дата издания, распространения и т.д. | сор. 2016 |
| 215 ## - ФИЗИЧЕСКАЯ ХАРАКТЕРИСТИКА | |
| Специфическое обозначение материала и объем | XXVIII, 285 с. |
| Другие сведения о физической характеристике | ил., портр. |
| Размеры | 25 |
| 300 ## - ОБЩИЕ ПРИМЕЧАНИЯ | |
| Текст примечания | На тит. загл. и авт. также на англ. яз.: Unifying physics of accelerators, lasers and plasma/ Andrei Seryi, Elena Seraia |
| 300 ## - ОБЩИЕ ПРИМЕЧАНИЯ | |
| Текст примечания | На 4-й с. обл. 1-й авт.: А.А. Серый, проф. Оксфорд. ун-та |
| 320 ## - ПРИМЕЧАНИЯ О НАЛИЧИИ В ДОКУМЕНТЕ БИБЛИОГРАФИИ / УКАЗАТЕЛЯ | |
| Текст примечания | Библиогр.: с. 273-278 |
| 320 ## - ПРИМЕЧАНИЯ О НАЛИЧИИ В ДОКУМЕНТЕ БИБЛИОГРАФИИ / УКАЗАТЕЛЯ | |
| Текст примечания | Предм. указ.: с. 279-285 |
| 517 1# - ДРУГИЕ ВАРИАНТЫ ЗАГЛАВИЯ | |
| Связь между полями | z73790 |
| Вариант заглавия | Unifying physics of accelerators, lasers and plasma |
| 517 1# - ДРУГИЕ ВАРИАНТЫ ЗАГЛАВИЯ | |
| Вариант заглавия | Ускоряющая науку ТРИЗ |
| 606 ## - НАИМЕНОВАНИЕ ТЕМЫ КАК ПРЕДМЕТ | |
| Наименование темы | Ускорители заряженных частиц |
| Системный номер авторитетной/нормативной записи | 912081 |
| Идентификатор авторитетной/нормативной записи | RU\NLR\AUTH\6613595 |
| 606 ## - НАИМЕНОВАНИЕ ТЕМЫ КАК ПРЕДМЕТ | |
| Наименование темы | Плазма |
| Системный номер авторитетной/нормативной записи | 2173395 |
| Идентификатор авторитетной/нормативной записи | RU\NLR\AUTH\661307261 |
| 606 1# - НАИМЕНОВАНИЕ ТЕМЫ КАК ПРЕДМЕТ | |
| Наименование темы | Лазеры |
| Системный номер авторитетной/нормативной записи | 1013731 |
| Идентификатор авторитетной/нормативной записи | RU\NLR\AUTH\6668659 |
| 606 ## - НАИМЕНОВАНИЕ ТЕМЫ КАК ПРЕДМЕТ | |
| Наименование темы | Теория решения изобретательских задач, метод |
| Системный номер авторитетной/нормативной записи | 2124856 |
| Идентификатор авторитетной/нормативной записи | RU\NLR\AUTH\661282683 |
| 675 ## - УНИВЕРСАЛЬНАЯ ДЕСЯТИЧНАЯ КЛАССИФИКАЦИЯ (UDC/УДК) | |
| Индекс | 53 |
| 686 1# - ИНДЕКСЫ ДРУГИХ КЛАССИФИКАЦИЙ | |
| Индекс | В381.1 |
| 686 1# - ИНДЕКСЫ ДРУГИХ КЛАССИФИКАЦИЙ | |
| Индекс | В333 |
| 686 1# - ИНДЕКСЫ ДРУГИХ КЛАССИФИКАЦИЙ | |
| Индекс | З86-53 |
| 686 1# - ИНДЕКСЫ ДРУГИХ КЛАССИФИКАЦИЙ | |
| Индекс | Ж.у(2)4 |
| 700 #1 - ИМЯ ЛИЦА - ПЕРВИЧНАЯ ОТВЕТСТВЕННОСТЬ | |
| Графика поля | Кириллица |
| Материалы, к которым относится поле | rus |
| Начальный элемент ввода | Серый |
| Часть имени, кроме начального элемента ввода | А. А. |
| Дополнения к именам, кроме дат | канд. физ.-мат. наук |
| Расширение инициалов личного имени | Андрей Анатольевич |
| Системный номер авторитетной/нормативной записи | 160697 |
| Идентификатор авторитетной/нормативной записи | RU\NLR\AUTH\770160739 |
| 701 #1 - ИМЯ ЛИЦА - АЛЬТЕРНАТИВНАЯ ОТВЕТСТВЕННОСТЬ | |
| Графика поля | Кириллица |
| Материалы, к которым относится поле | rus |
| Начальный элемент ввода | Серая |
| Часть имени, кроме начального элемента ввода | Е. И. |
| Дополнения к именам, кроме дат | специалист в обл. цитологии и генетики |
| Расширение инициалов личного имени | Елена Ивановна |
| Системный номер авторитетной/нормативной записи | 160709 |
| Идентификатор авторитетной/нормативной записи | RU\NLR\AUTH\770160751 |
| 790 #1 - ИМЯ ЛИЦА - АЛЬТЕРНАТИВНАЯ ФОРМА | |
| Графика поля | Латинская |
| Материалы, к которым относится поле | rus |
| Начальный элемент ввода | Seryj |
| Часть имени, кроме начального элемента ввода | A. A. |
| Дополнения к именам, кроме дат | канд. физ.-мат. наук |
| Расширение инициалов личного имени | Andrej Anatol'evič |
| Системный номер авторитетной/нормативной записи | 160698 |
| Идентификатор авторитетной/нормативной записи | RU\NLR\AUTH\770160740 |
| 790 #1 - ИМЯ ЛИЦА - АЛЬТЕРНАТИВНАЯ ФОРМА | |
| Графика поля | Латинская |
| Материалы, к которым относится поле | rus |
| Начальный элемент ввода | Seraja |
| Часть имени, кроме начального элемента ввода | E. I. |
| Дополнения к именам, кроме дат | специалист в обл. цитологии и генетики |
| Расширение инициалов личного имени | Elena Ivanovna |
| Системный номер авторитетной/нормативной записи | 160711 |
| Идентификатор авторитетной/нормативной записи | RU\NLR\AUTH\770160753 |
| 801 #0 - ИСТОЧНИК ЗАПИСИ | |
| Страна | Российская Федерация |
| Организация | РГБ |
| Дата составления | 20160707 |
| Правила каталогизации | RCR |
| 942 ## - ДОПОЛНИТЕЛЬНЫЕ ЭЛЕМЕНТЫ ЗАПИСИ (АБИС) | |
| Тип экземпляра АБИС | Книга |
| 980 ## - КОЛЛЕКЦИЯ | |
| Название коллекции | НБР |
Нет доступных экземпляров.